| 000 | 00765nam a22002057a 4500 | ||
|---|---|---|---|
| 999 |
_c1844 _d1844 |
||
| 003 | AR-CdUCM | ||
| 008 | 190228b ||||| |||| 00| 0 spa d | ||
| 040 |
_aMUNICIPALIDAD PROVINCIAL DEL CUSCO _cBIBLIOTECA MUNICIPAL DEL CUSCO |
||
| 082 |
_a869.56 / _bD75 |
||
| 100 |
_aDiez Canseco Pereira, José _9554 |
||
| 245 |
_aEl mirador de los ángeles : _bLas urrutia / |
||
| 260 |
_aLima : _bInstituto Nacional de Cultura, _c1974. |
||
| 300 |
_a316 páginas ; _c18 cm. |
||
| 505 | _aLas urrutia -- El mirador de los Ángeles -- Libro I: Aleluyas de vísperas -- Libro II: Romance y noches buenas ... | ||
| 650 |
_aNarración en el Perú. _96754 |
||
| 650 |
_aNovela. _95 |
||
| 700 |
_aEscajadillo, Tomás G. _96755 |
||
| 942 |
_2ddc _cLIBROS |
||
| 945 |
_amvr _d2019-02-28 |
||